| 000 | 00640nam a2200217Ia 4500 | ||
|---|---|---|---|
| 005 | 20260429112022.0 | ||
| 008 | 260429s9999||||xx |||||||||||||| ||und|| | ||
| 020 | _a9781032252346 | ||
| 041 | _aEnglish | ||
| 082 |
_a808.042 _bWET |
||
| 100 | _aWette, Rosemary | ||
| 245 | 0 |
_aTeaching and learning source-based writing : _bcurrent perspectives and future directions / _cRosemary Wette |
|
| 250 | _a1st ed. | ||
| 260 |
_aNew York : _bRoutledge, _c2024. |
||
| 300 | _axvii, 283 p.; pbk | ||
| 650 | _a Composition studies | ||
| 650 | _a Language teaching | ||
| 650 | _a Writing pedagogy | ||
| 650 | _aAcademic writing | ||
| 942 | _cTB | ||
| 999 |
_c51923 _d51923 |
||